[Event "World op Champions"]
[Site "Philadelphia"]
[Date "1999.06.27"]
[Round "3"]
[White "Ardaman, Miles"]
[Black "Akopian, Vladimir Eduardovic"]
[Result "0-1"]
[WhiteElo "2351"]
[BlackElo "2640"]
[PlyCount "77"]
[EventDate "1999.06.??"]
[EventType "swiss"]
[EventRounds "5"]
[EventCountry "USA"]
[SourceTitle "EXT 2000"]
[Source "ChessBase"]
[SourceDate "1999.11.16"]
[SourceVersion "1"]
[SourceVersionDate "1999.11.16"]
[SourceQuality "1"]

1. g3 e5 2. Bg2 d5 3. d3 Nf6 4. Nf3 Bd6 5. 0-0 0-0 6. Nc3 c6 7. e4 dxe4 8. Nxe4 Nxe4 9. dxe4 Na6 10. a4 Bg4 11. h3 Bh5 12. c3 Nc5 13. Qc2 a5 14. Be3 Re8 15. Rfb1 Ne6 16. b4 axb4 17. cxb4 Qf6 18. Nd2 Bb8 19. b5 cxb5 20. Rxb5 Ba7 21. Bxa7 Rxa7 22. Nb3 Bg6 23. a5 h5 24. h4 Nd8 25. Rd1 Qe7 26. Bh3 Nc6 27. Rd7 Qa3 28. Bf5 Bxf5 29. exf5 Nxa5 30. Nd2 Nc6 31. Qc4 Rf8 32. Kg2 Ra4 33. Qe2 Nd4 34. Qxe5 Nxb5 35. Qxb5 Rb4 36. Qd5 Qa6 37. Nf3 Rb5 38. Qd3 Qc6 39. f6 0-1

[Event "World op Champions"]
[Site "Philadelphia"]
[Date "1999.06.26"]
[Round "2"]
[White "Shabalov, Alexander"]
[Black "Ardaman, Miles"]
[Result "0-1"]
[WhiteElo "2620"]
[BlackElo "2351"]
[PlyCount "52"]
[EventDate "1999.06.??"]
[EventType "swiss"]
[EventRounds "5"]
[EventCountry "USA"]
[SourceTitle "EXT 2000"]
[Source "ChessBase"]
[SourceDate "1999.11.16"]
[SourceVersion "1"]
[SourceVersionDate "1999.11.16"]
[SourceQuality "1"]

1. e4 Nc6 2. d4 d5 3. e5 Bf5 4. Nf3 Qd7 5. Be2 f6 6. 0-0 e6 7. c3 Nge7 8. b4 Ng6 9. b5 Na5 10. Qa4 b6 11. Be3 a6 12. Nbd2 h5 13. Rfe1 Kf7 14. Nf1 Be7 15. N3d2 h4 16. g4 hxg3 17. fxg3 Bh3 18. Rab1 fxe5 19. dxe5 Bf5 20. Rbc1 axb5 21. Qd1 Nxe5 22. Bd4 Nec4 23. Bh5+ Kg8 24. g4 Rxh5 25. gxh5 c5 26. Bf2 Nb2 0-1

[Event "CCA ChessWise op"]
[Site "Stratton Mountain"]
[Date "1999.06.11"]
[Round "1"]
[White "Sevillano, Enrico"]
[Black "Ardaman, Miles"]
[Result "1-0"]
[WhiteElo "2471"]
[BlackElo "2351"]
[PlyCount "117"]
[EventDate "1999.06.??"]
[EventType "swiss"]
[EventRounds "9"]
[EventCountry "USA"]
[SourceTitle "EXT 2000"]
[Source "ChessBase"]
[SourceDate "1999.11.16"]
[SourceVersion "1"]
[SourceVersionDate "1999.11.16"]
[SourceQuality "1"]

1. e4 Nc6 2. Nf3 d6 3. d4 Bg4 4. d5 Nb8 5. h3 Bxf3 6. Qxf3 Nf6 7. Qb3 Qc8 8. Be3 Nbd7 9. Nc3 g6 10. a4 a5 11. Be2 Bg7 12. 0-0 0-0 13. f4 c6 14. Bf3 Qc7 15. Rae1 Rfe8 16. Qc4 Rac8 17. Qe2 e5 18. dxe6 Rxe6 19. Qf2 Rce8 20. g4 h6 21. Bd4 g5 22. fxg5 hxg5 23. Bg2 R8e7 24. Qd2 Nh7 25. Be3 Rg6 26. Rf5 Ne5 27. b3 Ree6 28. Ne2 b5 29. axb5 cxb5 30. Nd4 b4 31. Nxe6 fxe6 32. Rf2 Nc6 33. Ref1 Bc3 34. Qd3 Nf6 35. Qb5 Nd7 36. Qa6 Ncb8 37. Qa8 Rg7 38. Ba7 Qc6 39. Qxc6 Nxc6 40. Be3 Kh7 41. Rd1 Be5 42. Bf1 Nc5 43. Bb5 Rc7 44. Bxc5 dxc5 45. Bxc6 Rxc6 46. Rf7+ Kg6 47. Ra7 Bd4+ 48. Kg2 Kf6 49. Rxa5 Ke5 50. Re1 Rc8 51. Re2 Bb2 52. Ra7 Bc1 53. Rh7 Kd4 54. Rd7+ Kc3 55. Rd3+ Kb2 56. e5 Bf4 57. Rd6 c4 58. bxc4 Rxc4 59. Rxe6 1-0